| 000 | 00409cam a22001457a 4500 | ||
|---|---|---|---|
| 008 | 180718b1995 xxu||||| |||| 00| 0 eng d | ||
| 020 | _a0631192638 | ||
| 082 | _aB29 D922 | ||
| 245 |
_aContemporary cirisis of the nation state? _cedited by John Dunn |
||
| 260 |
_aOxford _bBlackwell _c1995 |
||
| 300 | _a237p. | ||
| 650 | _aWorld politics --1945-1989. | ||
| 650 | _aNational state | ||
| 700 | _aDunn, John, ed. | ||
| 999 |
_c378091 _d378091 |
||